Introdução à teoria dos reticulados. Tomo I /

Guardado en:
Autor Principal: Morgado, José.
Formato: Libro
Idioma:Portuguese
Publicado: [Recife?] : Instituto de Física e Matemática, Universidade do Recife, 1962.
Series:Textos de matemática ; no. 10
Etiquetas: Agregar Etiqueta
Sin Etiquetas, Sea el primero en etiquetar este registro!
LEADER 00530nam a22001455a 4500
001 MAT.inmabb001363
008 031124s1962####bl############000#0#por#d
005 20170809143300.0
245 1 0 |a Introdução à teoria dos reticulados.  |n Tomo I /  |c por José Morgado. 
260 |a [Recife?] :  |b Instituto de Física e Matemática, Universidade do Recife,  |c 1962. 
300 |a viii, 244 p. ;  |c 24 cm. 
440 0 |a Textos de matemática ;  |v no. 10 
100 1 |a Morgado, José. 
084 |a 06-XX  |2 msc2000 
859 |h 06  |i M847  |p A-1016  |v 1  |3 Tomo I  |b BIB. MATEMATICA